|
|
|
|
| LEADER |
01379nam a2200301 a 4500 |
| 001 |
17274625 |
| 008 |
130415s2012 si ab b 001 0 eng d |
| 010 |
|
|
|a 2012330101
|
| 020 |
|
|
|a 9789814380003 (pbk.)
|
| 020 |
|
|
|a 9789814380010 (pdf.)
|
| 040 |
|
|
|a DLC
|c DLC
|d DLC
|d BD-DhAAL
|
| 082 |
0 |
0 |
|a 341.75
|2 22
|
| 245 |
0 |
0 |
|a Linking research to practice :
|b strengthening ICT for development research capacity in Asia /
|c edited by Arul Chib, Roger Harris.
|
| 260 |
|
|
|a Singapore :
|b Institute of Southeast Asian Studies,
|c 2012.
|
| 300 |
|
|
|a xviii, 196 p. :
|b ill., maps ;
|c 23 cm.
|
| 500 |
|
|
|a Published in cooperation with Singapore Internet Research Centre and International Development Research Centre.
|
| 504 |
|
|
|a Includes bibliographical references and index.
|
| 541 |
|
|
|e 00026789
|
| 650 |
|
0 |
|a Economic development
|x Study and teaching
|z Asia.
|
| 650 |
|
0 |
|a Information technology
|z Asia.
|
| 650 |
|
0 |
|a Telecommunication
|z Asia.
|
| 700 |
1 |
|
|a Chib, Arul.
|
| 700 |
1 |
|
|a Harris, Roger W.
|
| 710 |
2 |
|
|a Singapore Internet Research Centre.
|
| 710 |
2 |
|
|a International Development Research Centre (Canada)
|
| 852 |
1 |
|
|a Ayesha Abed Library
|c General shelf.
|
| 999 |
|
|
|c 13305
|d 13305
|
| 952 |
|
|
|0 0
|1 0
|2 ddc
|4 0
|6 341_750000000000000_LIN
|7 0
|9 22202
|a IGS
|b IGS
|c GEN
|d 2012-04-22
|e A H Development Publishing House
|g 2800.00
|l 1
|m 2
|o 341.75 LIN
|p 3010026789
|r 2014-06-10
|s 2013-05-07
|t 1
|w 2012-04-22
|y BK
|